Aufzeichnungen eines jägers

Salvato in:
Dettagli Bibliografici
Autore principale: Turgenjew, Iwan
Natura: Libro
Lingua:Undetermined
Pubblicazione: Berlín Aufbau-Verlag 1975
Soggetti:
Tags: Aggiungi Tag
Nessun Tag, puoi essere il primo ad aggiungerne!!

MARC

LEADER 00000nam a2200000Ia 4500
008 170316s9999 xx 000 0 und d
040 |a cru BVZT 
090 |a 891 T-6a 
100 |a Turgenjew, Iwan 
245 |a Aufzeichnungen eines jägers 
260 |a Berlín 
260 |b Aufbau-Verlag 
260 |c 1975 
300 |a 508 páginas 
650 |a LITERATURA RUSA 
999 |c 12124  |d 12124 
942 |c 15 D  |h 891 T-6a  |2 z